| 000 | 00944nam a2200277 a 4500 | ||
|---|---|---|---|
| 005 | 20160912171127.0 | ||
| 008 | 160912b2002 sp ad|||r|||| 00| 0 spa d | ||
| 020 | _a8493280712 | ||
| 040 |
_aCO-BoIAVH _cCO-BoIAVH |
||
| 041 | 0 | _aspa | |
| 044 | _ack | ||
| 082 | 0 | 4 |
_a333.955713 _bC83m |
| 100 | 1 |
_aCosta-Neto, Eraldo Medeiros _eautor |
|
| 245 | 1 | 0 |
_aManual de etnoentomología / _cEraldo Medeiros Costa-Neto |
| 260 |
_aZaragoza, España : _bSociedad Entomológica Aragonesa (SEA), _c2002. |
||
| 300 |
_a104 páginas : _bilustraciones y gráficas ; _c30 x 21 cm. |
||
| 490 | 0 |
_aM&T - Manuales y tesis SEA ; _vvol. 4 |
|
| 504 | _aIncluye referencias bibliográficas. | ||
| 650 | 2 | 6 |
_aEntomología _xAspectos sociales |
| 650 | 2 | 4 | _aEtnoentomología |
| 650 | 2 | 6 | _aEcología humana |
| 650 | 2 | 4 | _aEntomofagia |
| 650 | 2 | 4 | _aEntomoterapia |
| 650 | 2 | 4 | _aEntomolatría |
| 942 |
_2ddc _cLIBRO |
||
| 999 |
_c19012 _d19012 |
||